Company and Compensation Laws: (Record no. 10824)

MARC details
000 -LEADER
fixed length control field 00821 a2200217 4500
010 ## - LIBRARY OF CONGRESS CONTROL NUMBER
LC control number ENG-89548
020 ## - INTERNATIONAL STANDARD BOOK NUMBER
Terms of availability 125.00
035 ## - SYSTEM CONTROL NUMBER
System control number EN-73081
037 ## - SOURCE OF ACQUISITION
Source of stock number/acquisition DBAD / PUB
082 14 - DEWEY DECIMAL CLASSIFICATION NUMBER
Classification number 346.54066
090 ## - LOCALLY ASSIGNED LC-TYPE CALL NUMBER (OCLC); LOCAL CALL NUMBER (OCLC)
-- 11129
-- 11129
100 1# - MAIN ENTRY--PERSONAL NAME
Personal name Kuchhal, M.C.
245 1# - TITLE STATEMENT
Title Company and Compensation Laws:
Statement of responsibility, etc by M.C. Kuchhal
Remainder of title (a text-book for B.Com. Part II, university of Delhi); [new syllabus]
250 ## - EDITION STATEMENT
Edition statement 2nd rev. ed
260 ## - PUBLICATION, DISTRIBUTION, ETC. (IMPRINT)
Place of publication, distribution, etc Delhi :
Name of publisher, distributor, etc Shree Mahavir Book Depot (Publishers)
Date of publication, distribution, etc 2008
270 ## - ADDRESS
Address 2603, Nai Sarak,
City Delhi
State or province Delhi :
Postal code 110006
Telephone number 23262993, 23270792
Fax number 011-23270792
Electronic mail address mahavirpublications@hotmail.com
300 ## - PHYSICAL DESCRIPTION
Extent 284p.
Dimensions 22 cm (pbk)
500 ## - GENERAL NOTE
General note Includes appendix
942 ## - ADDED ENTRY ELEMENTS (KOHA)
Institution code [OBSOLETE] dpl
Koha item type English Books
Call number prefix 346.54066/ KUC
Holdings
Withdrawn status Lost status Source of classification or shelving scheme Damaged status Not for loan Collection code Home library Current library Source of acquisition Cost, normal purchase price Total Checkouts Full call number Barcode Date last seen Copy number Uniform Resource Identifier Cost, replacement price Price effective from Koha item type
    Dewey Decimal Classification   Not For Loan Non-fiction D.B.Act.Division D.B.Act.Division DBAD/PUB 125.00   346.54066 KUC EN-73081 15/09/2008 1 11921 125.00 15/09/2008 English Books

© Delhi Public Library
Hit Counter
free hit counter